000 00377nam a2200169Ia 4500
005 20250521031622.0
008 240331s9999 xx 000 0 und d
020 _a9559512811
082 _bMAH
_a302
100 _aMahendra, S
245 0 _aJanamadhyaye nageema
250 _a2nd
260 _bAuthor
_c1987
300 _a106 p .,
500 _aGrowth of Media
942 _cL
999 _c1402
_d1402